| 000 | 00840nam1a22002411i 4500 | ||
|---|---|---|---|
| 001 | RU\NLR\INFOCOMM_253\5000026604 | ||
| 005 | 20240724173629.0 | ||
| 035 | _a(NLR Aleph) 009237152 | ||
| 090 |
_a8902404 _c8902404 |
||
| 100 | _a20100630d1934 |||y0rusy50 ba | ||
| 101 | 0 | _ager | |
| 102 | _aRU | ||
| 105 | _ay ||||000|y | ||
| 200 | 1 |
_a... Hilfsbuch für den Kollektivisten-Aktivisten im Kampf für einen hohen Ernteertrag _fA. A. Dalinger |
|
| 210 |
_aEngels _cDeutscher Staatsverlag _d1934 |
||
| 215 |
_a1 т. _d18 см |
||
| 225 | 1 | _aBibliothek des Kollektivisten-Aktivisten | |
| 300 | _aНа 4-й с. обл.: А. А. Далингер. В помощь колхознику-активисту | ||
| 700 | 1 |
_aDalinger _bA. A. _4070 |
|
| 801 | 1 |
_aRU _bNLR _c20100630 |
|
| 801 | 0 |
_aRU _bNLR _gPSBO |
|
| 852 |
_aNLR _jD15/19 _y2 экз. |
||
| 942 | _cBOOK | ||